000 00505nam a2200169 a 4500
001 6104
003 CO-ViMGA
008 141112s2004 ck r 000 u spa d
040 _aCO-ViMGA
_bspa
_cCO-ViMGA
082 0 4 _a674.8 V445
100 1 _aVignote Peña, Santiago
_953307
245 1 0 _aTecnología de la madera /
_cVignote Peña Santiago , Jimenez Peris Francisco Javier
260 _aMadrid :
_bMundi - Prensa,
_c1996
300 _a602 p : il
650 1 4 _aMADERA - TECNOLOGIA
_94736
942 _2ddc
_cBK
999 _c18078
_d18078